000 00518nam a22001937a 4500
003 OSt
005 20251206140344.0
008 251206b |||||||| |||| 00| 0 eng d
020 _a978-81-264-2924-0
040 _cSBCL
082 _a823
_bSRE-R
100 _aSreenivasan,S
245 _aRoth Americakakkrthire Upajapam
_bThe Plot Aganist America
260 _aKottayam
_bDC Books
300 _a439p.
630 _xLiterature, rhetoric & criticism
650 _aEnglish & Old English literatures
942 _cBOOK
999 _c137605
_d137605